[Event "ETCC Open 2023"]
[Site "Budva"]
[Date "2023.11.18"]
[Round "7.36"]
[White "Klabis, Rokas"]
[Black "Postny, Evgeny"]
[Result "1/2-1/2"]
[WhiteElo "2412"]
[BlackElo "2577"]
[Annotator "RC"]
[PlyCount "112"]
[EventDate "2023.11.10"]
[EventType "team-tourn"]
[EventCountry "MNE"]
[SourceTitle "playchess.com"]
[Source "ChessBase"]
[SourceQuality "1"]
[WhiteTeam "Lithuania"]
[BlackTeam "Israel"]
[WhiteTeamCountry "LTU"]
[BlackTeamCountry "ISR"]

1. e4 c5 2. Nf3 e6 3. d4 cxd4 4. Nxd4 a6 5. Bd3 Bc5 6. Nb3 Ba7 7. Qe2 Nc6 8. Be3 d6 9. O-O Nf6 10. Bxa7 Rxa7 11. c4 O-O 12. Nc3 Qc7 13. Rad1 Qb8 14. f4 b6 15. Qe3 Rb7 16. Be2 Re8 17. Bf3 e5 18. f5 b5 19. cxb5 axb5 20. g4 Rd8 21. g5 Ne8 22. Rc1 Ne7 23. f6 Ng6 24. Na5 Be6 25. Nxb7 Qxb7 26. b4 gxf6 27. Be2 fxg5 28. Qxg5 Rc8 29. Bg4 h6 30. Qh5 Ng7 31. Qxh6 Rxc3 32. Rxc3 Bxg4 33. Qe3 Nh5 34. Ra3 Nhf4 35. Qa7 Nh3+ 36. Kg2 Qxe4+ 37. Kg3 Qc4 38. Qxf7+ Qxf7 39. Ra8+ Kg7 40. Rxf7+ Kxf7 41. Kxg4 Nf2+ 42. Kf3 Nd3 43. a4 bxa4 44. Rxa4 Ke6 45. b5 Nc5 46. Rg4 e4+ 47. Ke3 Kf5 48. Rg1 Nh4 49. b6 Ke5 50. Rc1 Nf5+ 51. Ke2 Kd5 52. Rf1 Nd4+ 53. Ke3 Nc2+ 54. Kd2 Nd4 55. Ke3 Nc2+ 56. Kd2 Nd4 1/2-1/2

[Event "ETCC Open 2023"]
[Site "Budva"]
[Date "2023.11.18"]
[Round "7.37"]
[White "Radjabov, Teimour"]
[Black "Schitco, Ivan"]
[Result "1/2-1/2"]
[WhiteElo "2745"]
[BlackElo "2503"]
[Annotator "TA"]
[PlyCount "47"]
[EventDate "2023.11.10"]
[EventType "team-tourn"]
[EventCountry "MNE"]
[SourceTitle "playchess.com"]
[Source "ChessBase"]
[SourceQuality "1"]
[WhiteTeam "Azerbaijan"]
[BlackTeam "Moldova"]
[WhiteTeamCountry "AZE"]
[BlackTeamCountry "MDA"]

1. e4 e5 2. Nf3 Nc6 3. Bb5 a6 4. Ba4 Nf6 5. O-O d6 6. Re1 Bd7 7. c3 g6 8. d4 Bg7 9. Nbd2 O-O 10. h3 exd4 11. cxd4 Nb4 12. Bxd7 Qxd7 13. a3 Nd3 14. Re3 Nf4 15. Nf1 Rae8 16. Ng3 N4h5 17. Nxh5 Nxh5 18. Bd2 Re7 19. Qc2 Rfe8 20. Rae1 Nf6 21. Bc3 Nh5 22. Bd2 Nf6 23. Bc3 Nh5 24. Bd2 1/2-1/2

[Event "ETCC Open 2023"]
[Site "Budva"]
[Date "2023.11.18"]
[Round "7.38"]
[White "Macovei, Andrei"]
[Black "Mamedyarov, Shakhriyar"]
[Result "1/2-1/2"]
[WhiteElo "2446"]
[BlackElo "2734"]
[Annotator "TA"]
[PlyCount "67"]
[EventDate "2023.11.10"]
[EventType "team-tourn"]
[EventCountry "MNE"]
[SourceTitle "playchess.com"]
[Source "ChessBase"]
[SourceQuality "1"]
[WhiteTeam "Moldova"]
[BlackTeam "Azerbaijan"]
[WhiteTeamCountry "MDA"]
[BlackTeamCountry "AZE"]

1. e4 c6 2. d4 d5 3. e5 Bf5 4. Nf3 e6 5. Be2 Ne7 6. c3 Ng6 7. O-O f6 8. Be3 Nd7 9. Nbd2 fxe5 10. dxe5 c5 11. b4 a6 12. bxc5 Bxc5 13. Nd4 Bxd4 14. cxd4 Ne7 15. Qb3 Rb8 16. a4 O-O 17. a5 h6 18. Qb4 Nc6 19. Qd6 Qe7 20. Rfc1 Qxd6 21. exd6 Rbc8 22. Nb3 Nb4 23. Rxc8 Rxc8 24. Rc1 Rxc1+ 25. Bxc1 Nc6 26. Bd2 Kf7 27. f4 Ke8 28. Bh5+ Kd8 29. Nc5 Nxd4 30. Nxb7+ Kc8 31. Be8 Nb3 32. Bxd7+ Kxd7 33. Bb4 d4 34. Nc5+ 1/2-1/2

[Event "ETCC Open 2023"]
[Site "Budva"]
[Date "2023.11.18"]
[Round "7.39"]
[White "Mamedov, Rauf"]
[Black "Bologan, Victor"]
[Result "0-1"]
[WhiteElo "2644"]
[BlackElo "2574"]
[Annotator "TA"]
[PlyCount "116"]
[EventDate "2023.11.10"]
[EventType "team-tourn"]
[EventCountry "MNE"]
[SourceTitle "playchess.com"]
[Source "ChessBase"]
[SourceQuality "1"]
[WhiteTeam "Azerbaijan"]
[BlackTeam "Moldova"]
[WhiteTeamCountry "AZE"]
[BlackTeamCountry "MDA"]

1. e4 e5 2. Nf3 Nc6 3. Bb5 a6 4. Ba4 Nf6 5. d3 d6 6. c4 Be7 7. Nc3 O-O 8. h3 h6 9. O-O Nh7 10. Nd5 Bg5 11. Nxg5 hxg5 12. Bxc6 bxc6 13. Ne3 c5 14. Bd2 a5 15. Qh5 Be6 16. h4 gxh4 17. f4 exf4 18. Rxf4 Qg5 19. Qxh4 Qxh4 20. Rxh4 Rfb8 21. Bc3 f6 22. Rf1 a4 23. Nd5 Bxd5 24. exd5 Re8 25. Kf2 Nf8 26. Re1 Rxe1 27. Kxe1 Ng6 28. Re4 Ne5 29. Kd2 Kf7 30. Rh4 Ng6 31. Rh1 Ne5 32. Rh3 Rb8 33. Kc2 Ra8 34. Kd1 Ke7 35. Kd2 Kf7 36. Kc2 Ke7 37. a3 Rb8 38. Ba5 c6 39. Bc3 cxd5 40. cxd5 Ng6 41. Rg3 Kf7 42. Rg4 Ra8 43. d4 c4 44. Bb4 Ne7 45. Bxd6 Nxd5 46. Rh4 Re8 47. Kd2 Re3 48. Rh8 Rd3+ 49. Ke1 Rb3 50. Rc8 Rxb2 51. Rxc4 Rxg2 52. Rxa4 Ke6 53. Bf8 Kf5 54. Ra8 Ke4 55. Re8+ Kf3 56. Kd1 g5 57. Bg7 f5 58. Re5 Ne3+ 0-1

[Event "ETCC Open 2023"]
[Site "Budva"]
[Date "2023.11.18"]
[Round "7.40"]
[White "Iordachescu, Viorel"]
[Black "Durarbayli, Vasif"]
[Result "1-0"]
[WhiteElo "2586"]
[BlackElo "2625"]
[Annotator "TA"]
[PlyCount "155"]
[EventDate "2023.11.10"]
[EventType "team-tourn"]
[EventCountry "MNE"]
[SourceTitle "playchess.com"]
[Source "ChessBase"]
[SourceQuality "1"]
[WhiteTeam "Moldova"]
[BlackTeam "Azerbaijan"]
[WhiteTeamCountry "MDA"]
[BlackTeamCountry "AZE"]

1. d4 d5 2. c4 e6 3. Nc3 c6 4. g3 dxc4 5. Bg2 Nd7 6. a4 e5 7. a5 Ngf6 8. Nf3 Bd6 9. O-O O-O 10. Bg5 Re8 11. a6 bxa6 12. d5 cxd5 13. Nxd5 Rb8 14. Nd2 Bf8 15. Nxc4 Rb5 16. Nc3 Rb4 17. Na5 Qc7 18. Qd2 Rd4 19. Qc1 h6 20. Be3 Rb4 21. Nc6 Rg4 22. Nb5 Qb7 23. Ne7+ Bxe7 24. Bxb7 Bxb7 25. Nc3 Nc5 26. Bxc5 Bxc5 27. Ra4 e4 28. Rc4 Bd6 29. Nd1 Rg5 30. Ne3 Rb5 31. Rd1 Be5 32. b4 a5 33. Rc5 Rxb4 34. Rxa5 a6 35. Qa3 Rd4 36. Rxd4 Bxd4 37. Qb4 Bxe3 38. Qxb7 Bd4 39. e3 Be5 40. Rxa6 Rf8 41. Rc6 h5 42. Qb5 Bb8 43. Kg2 Rd8 44. Rb6 Bc7 45. Rb7 Rd5 46. Qc6 Bd8 47. h3 g6 48. Qc4 Kf8 49. Qb4+ Kg7 50. Qb3 Kf8 51. Qa3+ Kg8 52. Qa2 Ba5 53. g4 hxg4 54. hxg4 Kg7 55. Kh3 g5 56. Qc4 Bd8 57. Rb5 Rxb5 58. Qxb5 Ng8 59. Qe5+ Bf6 60. Qxe4 Ne7 61. Kg2 Ng6 62. Kf1 Kg8 63. Ke2 Kg7 64. Kd3 Ne5+ 65. Kc2 Nd7 66. Qf5 Nf8 67. Kb3 Ne6 68. Kc4 Bb2 69. Kd5 Bf6 70. Kd6 Nf8 71. f4 Ne6 72. Kd7 gxf4 73. exf4 Bc3 74. g5 Bb4 75. Qf6+ Kg8 76. f5 Ng7 77. g6 fxg6 78. Qxg6 1-0

[Event "ETCC Open 2023"]
[Site "Budva"]
[Date "2023.11.18"]
[Round "7.41"]
[White "Fedoseev, Vladimir"]
[Black "Anton Guijarro, David"]
[Result "1-0"]
[WhiteElo "2675"]
[BlackElo "2668"]
[Annotator "TA"]
[PlyCount "69"]
[EventDate "2023.11.10"]
[EventType "team-tourn"]
[EventCountry "MNE"]
[SourceTitle "playchess.com"]
[Source "ChessBase"]
[SourceQuality "1"]
[WhiteTeam "Slovenia"]
[BlackTeam "Spain"]
[WhiteTeamCountry "SLO"]
[BlackTeamCountry "ESP"]

1. d4 Nf6 2. c4 e6 3. Nc3 Bb4 4. Qc2 O-O 5. a3 Bxc3+ 6. Qxc3 d5 7. e3 b6 8. b3 Bb7 9. Nf3 Nbd7 10. Bb2 c5 11. Be2 Rc8 12. O-O Ne4 13. Qd3 Qe7 14. a4 a5 15. Rac1 Rfd8 16. Ba3 e5 17. Qc2 Nd6 18. Rfe1 cxd4 19. exd4 e4 20. Nd2 Qf6 21. Bg4 Nf5 22. Qd1 Qg6 23. cxd5 Rxc1 24. Qxc1 Rc8 25. Qd1 Nf6 26. Bxf5 Qxf5 27. Nc4 Qf4 28. Bd6 Qh6 29. Be5 Nxd5 30. Nd6 Rc7 31. Nxb7 Rxb7 32. Qg4 Ne7 33. Qxe4 Ra7 34. d5 Qh5 35. Bd6 1-0

[Event "ETCC Open 2023"]
[Site "Budva"]
[Date "2023.11.18"]
[Round "7.42"]
[White "Santos Latasa, Jaime"]
[Black "Subelj, Jan"]
[Result "1-0"]
[WhiteElo "2635"]
[BlackElo "2513"]
[Annotator "TA"]
[PlyCount "79"]
[EventDate "2023.11.10"]
[EventType "team-tourn"]
[EventCountry "MNE"]
[SourceTitle "playchess.com"]
[Source "ChessBase"]
[SourceQuality "1"]
[WhiteTeam "Spain"]
[BlackTeam "Slovenia"]
[WhiteTeamCountry "ESP"]
[BlackTeamCountry "SLO"]

1. e4 c5 2. Nf3 Nc6 3. Nc3 g6 4. d4 cxd4 5. Nxd4 Bg7 6. Be3 Nf6 7. Bc4 O-O 8. Bb3 d5 9. exd5 Na5 10. O-O Nxb3 11. Nxb3 b6 12. d6 exd6 13. Re1 Bb7 14. Bd4 Re8 15. Rxe8+ Qxe8 16. Qd2 Qc6 17. f3 Re8 18. Rd1 d5 19. h3 Qc4 20. Re1 Re6 21. Rxe6 fxe6 22. Qe3 Kf7 23. Be5 Qh4 24. Nd4 Bh6 25. f4 Nh5 26. g4 Qg3+ 27. Qxg3 Nxg3 28. Ncb5 Ne4 29. Nxa7 Ke7 30. Nab5 Nc5 31. g5 Bf8 32. Bd6+ Kf7 33. Bxf8 Kxf8 34. b4 Na6 35. Nd6 Nxb4 36. Nxb7 Ke7 37. a3 Na6 38. Kf2 Kd7 39. Nb5 Kc6 40. N7d6 1-0

[Event "ETCC Open 2023"]
[Site "Budva"]
[Date "2023.11.18"]
[Round "7.43"]
[White "Skoberne, Jure"]
[Black "Shirov, Alexei"]
[Result "*"]
[WhiteElo "2538"]
[BlackElo "2668"]
[Annotator "TA"]
[PlyCount "52"]
[EventDate "2023.11.10"]
[EventType "team-tourn"]
[EventCountry "MNE"]
[SourceTitle "playchess.com"]
[Source "ChessBase"]
[SourceQuality "1"]
[WhiteTeam "Slovenia"]
[BlackTeam "Spain"]
[WhiteTeamCountry "SLO"]
[BlackTeamCountry "ESP"]

1. d4 d5 2. Nf3 Nf6 3. c3 e6 4. Bg5 h6 5. Bxf6 Qxf6 6. Nbd2 g5 7. e4 g4 8. Ne5 h5 9. Qe2 Be7 10. g3 Nd7 11. exd5 exd5 12. Bg2 Nxe5 13. dxe5 Qe6 14. h3 Qb6 15. Nb3 gxh3 16. Bxh3 Bxh3 17. Rxh3 O-O-O 18. O-O-O f6 19. e6 c5 20. Rdh1 a5 21. Nd2 a4 22. a3 d4 23. Rxh5 Rxh5 24. Rxh5 dxc3 25. bxc3 c4 26. Qxc4+ Kb8 *

[Event "ETCC Open 2023"]
[Site "Budva"]
[Date "2023.11.18"]
[Round "7.44"]
[White "Iturrizaga Bonelli, Eduardo"]
[Black "Borisek, Jure"]
[Result "*"]
[WhiteElo "2621"]
[BlackElo "2568"]
[Annotator "TA"]
[PlyCount "69"]
[EventDate "2023.11.10"]
[EventType "team-tourn"]
[EventCountry "MNE"]
[SourceTitle "playchess.com"]
[Source "ChessBase"]
[SourceQuality "1"]
[WhiteTeam "Spain"]
[BlackTeam "Slovenia"]
[WhiteTeamCountry "ESP"]
[BlackTeamCountry "SLO"]

1. c4 e6 2. Nc3 d5 3. d4 Nf6 4. cxd5 exd5 5. Bg5 c6 6. e3 h6 7. Bh4 Be7 8. Bd3 O-O 9. Nge2 Re8 10. O-O Nbd7 11. a4 Nh5 12. Bxe7 Qxe7 13. a5 Ndf6 14. Qd2 Bd7 15. Nc1 Rad8 16. Nb3 Bc8 17. Rfc1 g6 18. Na4 a6 19. Nbc5 Ng7 20. Ra3 Ne6 21. Rb3 Qc7 22. Nxe6 Rxe6 23. Nc5 Re7 24. Qb4 Ne8 25. Rbc3 Qd6 26. Qb6 Rc7 27. Nxa6 bxa6 28. Rxc6 Rxc6 29. Rxc6 Qe7 30. Bxa6 Bxa6 31. Qxa6 Qb4 32. g3 Qxb2 33. Rc8 Qb1+ 34. Kg2 Qe4+ 35. Kg1 *

[Event "ETCC Open 2023"]
[Site "Budva"]
[Date "2023.11.18"]
[Round "7.45"]
[White "Grandelius, Nils"]
[Black "Yilmaz, Mustafa"]
[Result "*"]
[WhiteElo "2688"]
[BlackElo "2650"]
[Annotator "TA"]
[PlyCount "60"]
[EventDate "2023.11.10"]
[EventType "team-tourn"]
[EventCountry "MNE"]
[SourceTitle "playchess.com"]
[Source "ChessBase"]
[SourceQuality "1"]
[WhiteTeam "Sweden"]
[BlackTeam "Turkey"]
[WhiteTeamCountry "SWE"]
[BlackTeamCountry "TUR"]

1. e4 e5 2. Nf3 Nc6 3. Bb5 a6 4. Ba4 Nf6 5. O-O Be7 6. d3 b5 7. Bb3 d6 8. c3 O-O 9. Bc2 Re8 10. Re1 h6 11. Nbd2 Bf8 12. d4 Bb7 13. h3 Nb8 14. b3 Nbd7 15. Bb2 g6 16. a4 Bg7 17. b4 d5 18. Nxe5 Nxe5 19. dxe5 Nxe4 20. f4 g5 21. axb5 axb5 22. Rxa8 Bxa8 23. Nf3 gxf4 24. Bc1 Nxc3 25. Qd3 Ne4 26. Bxf4 Qe7 27. Qxb5 c6 28. Qb6 Bf8 29. Rb1 Qe6 30. Nd4 Qc8 *

[Event "ETCC Open 2023"]
[Site "Budva"]
[Date "2023.11.18"]
[Round "7.46"]
[White "Sanal, Vahap"]
[Black "Blomqvist, Erik"]
[Result "1-0"]
[WhiteElo "2608"]
[BlackElo "2520"]
[Annotator "TA"]
[PlyCount "107"]
[EventDate "2023.11.10"]
[EventType "team-tourn"]
[EventCountry "MNE"]
[SourceTitle "playchess.com"]
[Source "ChessBase"]
[SourceQuality "1"]
[WhiteTeam "Turkey"]
[BlackTeam "Sweden"]
[WhiteTeamCountry "TUR"]
[BlackTeamCountry "SWE"]

1. e4 e5 2. Nf3 Nc6 3. Bb5 a6 4. Ba4 Nf6 5. O-O b5 6. Bb3 Bc5 7. Nc3 O-O 8. d3 d6 9. Nd5 Nxd5 10. Bxd5 Qe8 11. c3 Rb8 12. h3 Bb6 13. Re1 Ne7 14. Bb3 Ng6 15. d4 Kh8 16. Ng5 h6 17. Be3 f6 18. Nf3 f5 19. exf5 Bxf5 20. dxe5 dxe5 21. Bc2 Bxc2 22. Qxc2 Rxf3 23. gxf3 Nh4 24. Qe4 Qh5 25. Re2 Nxf3+ 26. Kg2 Nh4+ 27. Kf1 Bxe3 28. Rxe3 Rf8 29. Qg4 Qxg4 30. hxg4 Ng6 31. Rd1 Rf4 32. Rd7 Rc4 33. f3 a5 34. Rd5 c6 35. Rd6 Kh7 36. Re4 Rc5 37. Ke1 Nh4 38. Ke2 Ng6 39. Kd2 Nh4 40. Ke3 Ng2+ 41. Kd2 Nh4 42. Rd3 a4 43. b3 axb3 44. axb3 Kg6 45. Ke2 Kf6 46. f4 exf4 47. Rxf4+ Kg5 48. Re4 Ng6 49. Kf2 h5 50. gxh5 Kxh5 51. Rg3 Nh4 52. Rxg7 Nf5 53. Rg1 Rxc3 54. Re5 1-0

[Event "ETCC Open 2023"]
[Site "Budva"]
[Date "2023.11.18"]
[Round "7.47"]
[White "Hillarp Persson, Tiger"]
[Black "Can, Emre"]
[Result "1-0"]
[WhiteElo "2502"]
[BlackElo "2566"]
[Annotator "RC"]
[PlyCount "209"]
[EventDate "2023.11.10"]
[EventType "team-tourn"]
[EventCountry "MNE"]
[SourceTitle "playchess.com"]
[Source "ChessBase"]
[SourceQuality "1"]
[WhiteTeam "Sweden"]
[BlackTeam "Turkey"]
[WhiteTeamCountry "SWE"]
[BlackTeamCountry "TUR"]

1. c4 e6 2. g3 d5 3. Bg2 Nf6 4. Nf3 d4 5. O-O c5 6. e3 Nc6 7. exd4 cxd4 8. d3 Bd6 9. Bg5 h6 10. Bxf6 Qxf6 11. Nbd2 Qd8 12. a3 a5 13. Rc1 O-O 14. c5 Bc7 15. Re1 Bd7 16. Rc4 e5 17. b4 axb4 18. axb4 Ra3 19. b5 Na5 20. Ra4 Rxd3 21. b6 Bxb6 22. cxb6 Bxa4 23. Qxa4 Qxb6 24. Bf1 Rc3 25. Nxe5 Qc7 26. Ndf3 Nc6 27. Nxc6 Qxc6 28. Qxc6 Rxc6 29. Nxd4 Rc7 30. Rb1 Rd8 31. Nf5 Rd5 32. Ne3 Rdc5 33. Rb6 R5c6 34. Rb4 Rd6 35. h4 h5 36. Nf5 Rd5 37. Nd4 g6 38. Nf3 Kf8 39. Kg2 Ke7 40. Bc4 Rf5 41. Ng5 Kf8 42. Bd3 Re5 43. Rb6 Rce7 44. Rb4 Kg7 45. Nf3 R5e6 46. Rb5 b6 47. Ng5 Rd6 48. Bc4 f6 49. Nf3 Rc7 50. Rb4 Rc5 51. Bf1 Rcd5 52. Ng1 Rd4 53. Rb3 Rd2 54. Nh3 Kh6 55. Ng1 Kg7 56. Ne2 Kh6 57. Nc3 Rc2 58. Ne4 Re6 59. Bd3 Rc7 60. Nc3 Rd7 61. Bc4 Re5 62. Bf1 Rd6 63. Na4 Ree6 64. Rb4 Rc6 65. Nb2 Kg7 66. Nd3 Red6 67. Nf4 Kh6 68. Ne2 Rc2 69. Nd4 Rc5 70. Be2 Re5 71. Bf3 Rc5 72. Be4 Re5 73. Bb1 Re1 74. Nf3 Rc1 75. Rb3 Rc4 76. Bd3 Rc5 77. Bf1 Rc7 78. Ng1 Rc5 79. Rb2 Rcd5 80. Rb3 Re5 81. Ne2 Red5 82. Nc3 Re5 83. Na4 Ree6 84. Nb2 Kg7 85. Nc4 Rc6 86. Ne3 Red6 87. Be2 Rc5 88. Ra3 Ra5 89. Rc3 Re6 90. Rc7+ Kf8 91. Bc4 Re7 92. Rc6 Rc5 93. Rxf6+ Kg7 94. Rf4 b5 95. Bf1 Ree5 96. Rb4 Kf6 97. Rb2 Ke7 98. Nc2 g5 99. hxg5 Rxg5 100. Kh3 Kf6 101. Nd4 Rg8 102. Rxb5 Rxb5 103. Bxb5 Rg4 104. f4 Rg8 105. Be2 1-0

[Event "ETCC Open 2023"]
[Site "Budva"]
[Date "2023.11.18"]
[Round "7.48"]
[White "Ali Marandi, Cemil Can"]
[Black "Kucuksari, Kaan"]
[Result "1/2-1/2"]
[WhiteElo "2544"]
[BlackElo "2474"]
[Annotator "RC"]
[PlyCount "144"]
[EventDate "2023.11.10"]
[EventType "team-tourn"]
[EventCountry "MNE"]
[SourceTitle "playchess.com"]
[Source "ChessBase"]
[SourceQuality "1"]
[WhiteTeam "Turkey"]
[BlackTeam "Sweden"]
[WhiteTeamCountry "TUR"]
[BlackTeamCountry "SWE"]

1. d4 Nf6 2. Bg5 e6 3. Nf3 c5 4. e3 h6 5. Bh4 d5 6. Nbd2 Be7 7. dxc5 Bxc5 8. c4 O-O 9. cxd5 exd5 10. Bd3 Nc6 11. O-O Re8 12. Rc1 Bb6 13. Bb1 g5 14. Bg3 Bg4 15. Qa4 Qe7 16. Rfe1 Rad8 17. h3 Bxf3 18. Nxf3 Ne4 19. Rcd1 Nxg3 20. fxg3 Bxe3+ 21. Kh2 d4 22. Qc2 Qf6 23. Qh7+ Kf8 24. Rf1 Qg7 25. Qf5 Kg8 26. a3 Re7 27. Ba2 Kh8 28. Bb1 Rf8 29. b4 a6 30. Kh1 Re6 31. Nh2 h5 32. Nf3 Ne7 33. Qd3 Rd8 34. Ba2 Rg6 35. Bxf7 Rh6 36. Qe4 Nc6 37. Bd5 Qg6 38. Qxg6 Rxg6 39. Bxc6 Rxc6 40. Ne5 Rcd6 41. Nf7+ Kg7 42. Nxd8 Rxd8 43. h4 g4 44. Rf5 Kg6 45. Re5 Rf8 46. Rd5 Rf5 47. Rd8 Rf7 48. Kh2 Rf5 49. a4 Rf2 50. Rb1 Kf5 51. Rd1 Rb2 52. R8xd4 Bxd4 53. Rxd4 Rb1 54. Rd5+ Ke6 55. Rxh5 Rxb4 56. a5 Rb5 57. Rh7 Kf6 58. Rd7 Rxa5 59. Rxb7 Rb5 60. Rc7 a5 61. Rc6+ Kg7 62. Kg1 Rb4 63. Kf2 Re4 64. Ra6 a4 65. h5 Kh7 66. h6 a3 67. Rxa3 Kxh6 68. Re3 Ra4 69. Re5 Ra3 70. Re3 Ra2+ 71. Re2 Ra3 72. Re3 Ra2+ 1/2-1/2

[Event "ETCC Open 2023"]
[Site "Budva"]
[Date "2023.11.18"]
[Round "7.49"]
[White "Pechac, Jergus"]
[Black "Vocaturo, Daniele"]
[Result "1/2-1/2"]
[WhiteElo "2580"]
[BlackElo "2632"]
[Annotator "TA"]
[PlyCount "91"]
[EventDate "2023.11.10"]
[EventType "team-tourn"]
[EventCountry "MNE"]
[SourceTitle "playchess.com"]
[Source "ChessBase"]
[SourceQuality "1"]
[WhiteTeam "Slovakia"]
[BlackTeam "Italy"]
[WhiteTeamCountry "SVK"]
[BlackTeamCountry "ITA"]

1. e4 e5 2. Nf3 Nc6 3. Bc4 Bc5 4. d3 d6 5. c3 Bb6 6. h3 Nf6 7. Nbd2 O-O 8. O-O h6 9. Re1 Ne7 10. Nf1 Ng6 11. Ng3 c6 12. Bb3 d5 13. exd5 Nxd5 14. d4 exd4 15. Nxd4 Be6 16. Bc2 Bd7 17. Qd3 Qf6 18. Ne4 Qe5 19. Bd2 Bxd4 20. cxd4 Qc7 21. Nc5 Rad8 22. Nxd7 Rxd7 23. Qf3 Qd6 24. g3 Rfd8 25. h4 Qf6 26. Qg4 Nc7 27. Bc3 Nb5 28. Rad1 Nxc3 29. bxc3 c5 30. Re4 cxd4 31. cxd4 Nf8 32. Bb3 Re7 33. Rf4 Qd6 34. Rd3 Rdd7 35. Kh2 Qg6 36. Qf3 Qc6 37. Qd1 Qd6 38. Rf5 Ne6 39. Qg4 Qb6 40. Re5 Nf8 41. Rf5 Ne6 42. Re5 Nf8 43. Rf3 Rxe5 44. dxe5 Ne6 45. Qa4 Qd4 46. Qxd4 1/2-1/2

[Event "ETCC Open 2023"]
[Site "Budva"]
[Date "2023.11.18"]
[Round "7.50"]
[White "Moroni, Luca Jr"]
[Black "Gazik, Viktor"]
[Result "1/2-1/2"]
[WhiteElo "2575"]
[BlackElo "2547"]
[Annotator "RC"]
[PlyCount "111"]
[EventDate "2023.11.10"]
[EventType "team-tourn"]
[EventCountry "MNE"]
[SourceTitle "playchess.com"]
[Source "ChessBase"]
[SourceQuality "1"]
[WhiteTeam "Italy"]
[BlackTeam "Slovakia"]
[WhiteTeamCountry "ITA"]
[BlackTeamCountry "SVK"]

1. c4 Nf6 2. g3 e6 3. Bg2 d5 4. Nf3 Be7 5. O-O O-O 6. b3 c5 7. cxd5 exd5 8. Bb2 Nc6 9. d4 Bg4 10. dxc5 Bxc5 11. Nc3 a6 12. h3 Be6 13. Rc1 Ba7 14. Ng5 Bf5 15. g4 Bg6 16. e3 Qa5 17. Nxd5 Nxd5 18. Qxd5 Qxa2 19. Ba1 Rad8 20. Qc4 h6 21. Ne4 Qa5 22. Bc3 Qc7 23. b4 Bb8 24. f4 Ba7 25. Rfe1 Bxe4 26. Bxe4 Rfe8 27. Kg2 Qe7 28. Bd5 Rd7 29. Rcd1 Red8 30. e4 Kh8 31. Re2 Rc7 32. Qb3 Rcd7 33. b5 axb5 34. Qxb5 f6 35. h4 Qa3 36. Qd3 Nb4 37. Qf3 Nxd5 38. exd5 Rc7 39. Rd3 Qc1 40. Re1 Qc2+ 41. Re2 Qc1 42. d6 Rcd7 43. g5 fxg5 44. fxg5 hxg5 45. Kh3 Qf4 46. Qxf4 gxf4 47. Be5 Be3 48. Kg4 Kg8 49. Rg2 Re8 50. Rd5 Ra8 51. Rd3 Re8 52. Rd5 Ra8 53. Rc2 Kf7 54. Rc7 Ke6 55. Rb5 b6 56. Bxf4 1/2-1/2

[Event "ETCC Open 2023"]
[Site "Budva"]
[Date "2023.11.18"]
[Round "7.51"]
[White "Sahidi, Samir"]
[Black "Lodici, Lorenzo"]
[Result "0-1"]
[WhiteElo "2464"]
[BlackElo "2550"]
[Annotator "RC"]
[PlyCount "132"]
[EventDate "2023.11.10"]
[EventType "team-tourn"]
[EventCountry "MNE"]
[SourceTitle "playchess.com"]
[Source "ChessBase"]
[SourceQuality "1"]
[WhiteTeam "Slovakia"]
[BlackTeam "Italy"]
[WhiteTeamCountry "SVK"]
[BlackTeamCountry "ITA"]

1. e4 c5 2. Nf3 a6 3. c3 e6 4. d4 d5 5. exd5 exd5 6. Bd3 c4 7. Bc2 Bg4 8. O-O Be7 9. Re1 Nf6 10. Nbd2 O-O 11. Nf1 Nc6 12. Bg5 Re8 13. h3 Bh5 14. Ng3 Bg6 15. Ne5 Nxe5 16. dxe5 Bxc2 17. Qxc2 Nd7 18. Bxe7 Rxe7 19. f4 Nc5 20. Nf5 Re6 21. Nd4 Re8 22. Re2 b5 23. Kh2 Qb6 24. Qd2 a5 25. Qe3 b4 26. Rf1 Rad8 27. Nf5 f6 28. Qg3 Qc7 29. Nd6 Rf8 30. Rf3 f5 31. Qe1 Ne4 32. Nb5 Qb6 33. Nd4 a4 34. a3 bxa3 35. bxa3 Rb8 36. Qd1 g6 37. Nc2 Rfd8 38. Nb4 Ra8 39. Qc2 d4 40. cxd4 Rxd4 41. Rf1 Rad8 42. Rc1 Qb5 43. Qb1 Nd2 44. Qc2 Nb3 45. Rf1 c3 46. Ree1 Nd2 47. Rf2 Ne4 48. Rxe4 Rxe4 49. Qxc3 Rc4 50. Qf3 Qc5 51. Re2 Rc3 52. Qb7 Qd4 53. g3 Rc1 54. Qg2 Qc4 55. Qf3 Rdd1 56. Rf2 Rh1+ 57. Qxh1 Rxh1+ 58. Kxh1 Qc1+ 59. Kg2 Qxa3 60. Na2 Kf7 61. Re2 Ke6 62. h4 Qd3 63. Kf2 a3 64. Re3 Qd4 65. Nc3 Qd2+ 66. Kf3 h6 0-1

[Event "ETCC Open 2023"]
[Site "Budva"]
[Date "2023.11.18"]
[Round "7.52"]
[White "Dvirnyy, Danyyil"]
[Black "Haring, Filip"]
[Result "1/2-1/2"]
[WhiteElo "2495"]
[BlackElo "2446"]
[Annotator "RC"]
[PlyCount "49"]
[EventDate "2023.11.10"]
[EventType "team-tourn"]
[EventCountry "MNE"]
[SourceTitle "playchess.com"]
[Source "ChessBase"]
[SourceQuality "1"]
[WhiteTeam "Italy"]
[BlackTeam "Slovakia"]
[WhiteTeamCountry "ITA"]
[BlackTeamCountry "SVK"]

1. d4 Nf6 2. c4 e6 3. Nf3 d5 4. g3 dxc4 5. Bg2 c6 6. Ne5 Bb4+ 7. Nc3 Nd5 8. O-O Nxc3 9. bxc3 Bxc3 10. Ba3 Qxd4 11. Qxd4 Bxd4 12. Nxc4 Bxa1 13. Rxa1 f6 14. Nd6+ Kd7 15. Nf7 Rg8 16. Rd1+ Kc7 17. Bd6+ Kb6 18. Rb1+ Ka6 19. Bc7 Re8 20. Rb3 Re7 21. Ra3+ Kb5 22. Rb3+ Ka6 23. Ra3+ Kb5 24. Rb3+ Ka6 25. Ra3+ 1/2-1/2

[Event "ETCC Open 2023"]
[Site "Budva"]
[Date "2023.11.18"]
[Round "7.53"]
[White "Kalezic, Blazo"]
[Black "Paichadze, Luka"]
[Result "1/2-1/2"]
[WhiteElo "2401"]
[BlackElo "2501"]
[Annotator "RC"]
[PlyCount "64"]
[EventDate "2023.11.10"]
[EventType "team-tourn"]
[EventCountry "MNE"]
[SourceTitle "playchess.com"]
[Source "ChessBase"]
[SourceQuality "1"]
[WhiteTeam "Montenegro"]
[BlackTeam "Georgia"]
[WhiteTeamCountry "MNE"]
[BlackTeamCountry "GEO"]

1. e4 c6 2. Nf3 d5 3. exd5 cxd5 4. d4 Nc6 5. Ne5 a6 6. c3 Nf6 7. Bd3 g6 8. O-O Bg7 9. f4 Bf5 10. Bxf5 gxf5 11. Nd2 e6 12. Ndf3 Ne4 13. Nd2 Nd6 14. Qh5 Qf6 15. a4 Rc8 16. b3 Ne4 17. Nxe4 dxe4 18. Ba3 Nxe5 19. dxe5 Qh6 20. Qxh6 Bxh6 21. c4 Bf8 22. Bxf8 Rxf8 23. Rfd1 Ke7 24. Rd6 Rfd8 25. Rad1 Rxd6 26. Rxd6 Rc6 27. Rxc6 bxc6 28. b4 Kd7 29. Kf2 Kc7 30. Ke3 Kb7 31. Kd2 Kc7 32. Ke3 Kb7 1/2-1/2

[Event "ETCC Open 2023"]
[Site "Budva"]
[Date "2023.11.18"]
[Round "7.54"]
[White "Mchedlishvili, Mikheil"]
[Black "Krivokapic, Marko"]
[Result "1-0"]
[WhiteElo "2564"]
[BlackElo "2386"]
[Annotator "RC"]
[PlyCount "47"]
[EventDate "2023.11.10"]
[EventType "team-tourn"]
[EventCountry "MNE"]
[SourceTitle "playchess.com"]
[Source "ChessBase"]
[SourceQuality "1"]
[WhiteTeam "Georgia"]
[BlackTeam "Montenegro"]
[WhiteTeamCountry "GEO"]
[BlackTeamCountry "MNE"]

1. e4 c5 2. Nf3 d6 3. d4 cxd4 4. Nxd4 Nf6 5. Nc3 a6 6. Bg5 e6 7. f4 Nbd7 8. Qe2 Qc7 9. O-O-O b5 10. a3 Be7 11. Bxf6 Nxf6 12. g4 Rb8 13. g5 Nd7 14. Qe1 O-O 15. h4 Nb6 16. f5 Re8 17. Qf2 Nc4 18. f6 Bf8 19. Bxc4 bxc4 20. h5 Qc5 21. Rdg1 gxf6 22. gxf6+ Kh8 23. h6 Rxb2 24. Qg3 1-0